000 01337nam a2200301Ia 4500
001 11100
003 IT-RoPAU
008 130308s9999 xx 000 0 und d
040 _aIT-RoPAU
040 _cIT-RoPAU
041 _aITALIANO
100 _aMazzara Aldo
100 _gCodice Aut. SPICS: 3966
245 _aAzienda giornalistica (L')
245 _bCorso superiore di Giornalismo-5
250 _a1a ed.
260 _aROMA
260 _bAccademia
260 _c1977 [1° Ed.:1977 - Ed.Ling.Originale:1977]
300 _a"54 p. (prefazione: no ; testo: 54)"
500 _aAtipicità dell'azienda Giornalistica giornale Come prodotto Industriale merce Deperibile Tiratura bilancio Pubblicità dei bilanci intervento Dello Stato Analisi del bilancio costi della Produzione costo del Lavoro spese per Materiale e Pubblicità vendite Voci Attive del bilancio Rapporto vendita Pubblicità Distribuzione Abbonamenti Spedizione resa Rivenditore Pubblicità Altra voce Attiva del bilancio Rapporto tra testo e Pubblicità Messaggio pubblicitario gestione delle Concessionarie Politica di Marketing Conoscenza del mercato indagini di mercato Amministrazione del Giornale
650 _aREGIA DELLA STAMPA DI MASSA
650 _eCodice materia Spics: 6653
942 _cBK
957 _71
999 _c49633
_d49633
999 _bSI
999 _g1